Microsoft Visual C++ 6.0
This text book is 640 pages and does not come with CD. C++ is a 3-dimensional morass of subjects and related subjects: intro to the VC++ compiler, C++ Basics, Operators & Control Structures, Memory Management & Classes, Object Manipulation (more class work), and Inheritance.
Spremljeno u:
| Glavni autor: | |
|---|---|
| Format: | Knjiga |
| Jezik: | Undetermined |
| Izdano: |
Australia
Course Technology
2001
|
| Teme: | |
| Oznake: |
Dodaj oznaku
Bez oznaka, Budi prvi tko označuje ovaj zapis!
|
| Thư viện lưu trữ: | Trung tâm Học liệu Trường Đại học Cần Thơ |
|---|
| LEADER | 00849nam a2200205Ia 4500 | ||
|---|---|---|---|
| 001 | CTU_186713 | ||
| 008 | 210402s9999 xx 000 0 und d | ||
| 020 | |c 2.99 | ||
| 082 | |a 005.268 | ||
| 082 | |b G679 | ||
| 100 | |a Gosselin, Don | ||
| 245 | 0 | |a Microsoft Visual C++ 6.0 | |
| 245 | 0 | |c Don Gosselin | |
| 260 | |a Australia | ||
| 260 | |b Course Technology | ||
| 260 | |c 2001 | ||
| 520 | |a This text book is 640 pages and does not come with CD. C++ is a 3-dimensional morass of subjects and related subjects: intro to the VC++ compiler, C++ Basics, Operators & Control Structures, Memory Management & Classes, Object Manipulation (more class work), and Inheritance. | ||
| 650 | |a C++ (Computer program language),C++ (Ngôn ngữ chương trình máy tính) | ||
| 904 | |i Trúc | ||
| 980 | |a Trung tâm Học liệu Trường Đại học Cần Thơ | ||